Giáo trình côn trùng học đại cương

Αποθηκεύτηκε σε:
Λεπτομέρειες βιβλιογραφικής εγγραφής
Κύριος συγγραφέας: Nguyễn Thị Thu Cúc
Μορφή: Βιβλίο
Γλώσσα:Undetermined
Έκδοση: Cần Thơ Trường Đại Học Cần Thơ - Khoa Nông Nghiệp 2000
Θέματα:
Ετικέτες: Προσθήκη ετικέτας
Δεν υπάρχουν, Καταχωρήστε ετικέτα πρώτοι!
Thư viện lưu trữ: Trung tâm Học liệu Trường Đại học Cần Thơ
LEADER 00590nam a2200181Ia 4500
001 CTU_38469
008 210402s9999 xx 000 0 und d
082 |a 595.7 
082 |b C506 
100 |a Nguyễn Thị Thu Cúc 
245 0 |a Giáo trình côn trùng học đại cương 
245 0 |c Nguyễn Thị Thu Cúc 
260 |a Cần Thơ 
260 |b Trường Đại Học Cần Thơ - Khoa Nông Nghiệp 
260 |c 2000 
650 |a entomology,insects - physiology 
904 |i Minh, 001026 
980 |a Trung tâm Học liệu Trường Đại học Cần Thơ